Finančná analýza podniku

Uskutočňovanie finančnej analýzy podniku pomocou vhodne volených pomerových ukazovateľov. Členenie pomerových ukazovateľov do štyroch základných kategórií, podľa jednotlivých oblastí analýzy. Ukazovatele rentability. Ukazovatele lividity. Ukazovatele využitia aktív. Ukazovatele trhovej hodnoty. Char...

Descripción completa

Guardado en:
Detalles Bibliográficos
Autor principal: Slepecký, Jaroslav
Formato: Libro
Lenguaje:eslovaco
Materias:
Etiquetas: Agregar Etiqueta
Sin Etiquetas, Sea el primero en etiquetar este registro!

MARC

LEADER 00000nam a2200000 4500
001 r030806
005 20230809081205.4
041 0 |a slo 
044 |a SK 
245 1 0 |a Finančná analýza podniku  |c Jaroslav Slepecký 
520 |a Uskutočňovanie finančnej analýzy podniku pomocou vhodne volených pomerových ukazovateľov. Členenie pomerových ukazovateľov do štyroch základných kategórií, podľa jednotlivých oblastí analýzy. Ukazovatele rentability. Ukazovatele lividity. Ukazovatele využitia aktív. Ukazovatele trhovej hodnoty. Charakteristika jednotlivých ukazovateľov. Príklad použitia pomerovej analýzy. Praktické dôsledky analýzy. 
610 2 0 |a analýza finančná 
610 2 0 |a ukazovatele finančné 
610 2 0 |a ukazovatele rentability 
610 2 0 |a financie podnikové 
610 2 0 |a hodnota podniku 
610 2 0 |a aktíva 
610 2 0 |a spoločnosti akciové 
610 2 0 |a imanie základné 
610 2 0 |a konkurencieschopnosť 
610 2 0 |a firmy 
610 2 0 |a bonita 
610 2 0 |a analýza du Pontova 
610 2 0 |a metóda Altmanova 
100 1 |a Slepecký, Jaroslav